01406nam a2200301 a 4500001001000000005001700010008004100027041000800068044000700076050002300083100001900106245016500125260004600290300004900336500001800385500003200403500001500435500006000450500007400510500003400584500003000618500006700648500002100715500006800736505015900804506009200963650004901055BRCA_866820190320210349.0021216s1696----ag-#######---#000-0#----# alat ait 4aBX1970b.C54c16961 aClementis VIII10aMissale romanum ex decreto sacrosancti concilii tridenti restitutum B. PII Pontificis max. jussu editumcClementis VIII A.C. Urbanii VIII autoritate recognitum. aVenetiisbSumptibus Pauli Balleoniic1696 a1 vol. (con varias paginaciones)bil.c39 cm aFondo antiguo aSe encuentra en Caja Fuerte aCO-12-B-14 aPortada impresa en dos tintas negro y rojo con grabado aCon dedicatoria: Pius Episcopus, Clemens Papa VIII, Urbanus Papa VIII aTexto impreso en dos columnas aUso de letras capitulares aContiene pentagramas musicales y cuatro láminas con grabados aIncluye índice aNota de encuadernación: terciopelo con ornamentos métalicos0 aDentro del mismo documento se encuentra otro libro con el título: Missae propriae sanctorum trium ordinum fratum minorum ad formam missalis romani, 17330 aFondo reservado: para su consulta es necesario credencial de usuario y carta de motivos14aIglesia católicaeLiturgia y ritualvMisal